|
|
|
|
| LEADER |
00766nab a2200241 i 4500 |
| 001 |
publ31450 |
| 005 |
20250226082115.0 |
| 008 |
250226s1999 hu o 000 hun d |
| 022 |
|
|
|a 0006-7768
|
| 024 |
7 |
|
|a 1900264
|2 mtmt
|
| 040 |
|
|
|a SZTE Publicatio Repozitórium
|b hun
|
| 041 |
|
|
|a hun
|
| 100 |
1 |
|
|a Korom Irma
|
| 245 |
1 |
0 |
|a Szokatlan megjelenésű melanomákról
|h [elektronikus dokumentum] /
|c Korom Irma
|
| 260 |
|
|
|c 1999
|
| 300 |
|
|
|a 4
|
| 300 |
|
|
|a 133-136
|
| 490 |
0 |
|
|a BŐRGYÓGYÁSZATI ÉS VENEROLÓGIAI SZEMLE
|v 75 No. 3
|
| 650 |
|
4 |
|a Klinikai orvostan
|
| 700 |
0 |
1 |
|a Oláh Judit Magdolna
|e aut
|
| 700 |
0 |
1 |
|a Gyulai Rolland Péter
|e aut
|
| 700 |
0 |
1 |
|a Varga Erika
|e aut
|
| 856 |
4 |
0 |
|u http://publicatio.bibl.u-szeged.hu/31450/1/aok_klny_377_99.pdf
|z Dokumentum-elérés
|